[Event "Dubai op"]
[Site "Dubai"]
[Date "2001.04.23"]
[Round "8"]
[White "Hassan, Mohamed Seif"]
[Black "Ramesh, Ramachandran B"]
[Result "0-1"]
[WhiteElo "2023"]
[BlackElo "2458"]
[PlyCount "62"]
[EventDate "2001.04.15"]
[EventType "swiss"]
[EventRounds "9"]
[EventCountry "UAE"]
[SourceTitle "CBM 083"]
[Source "ChessBase"]
[SourceDate "2001.07.05"]
[SourceVersion "1"]
[SourceVersionDate "2001.07.05"]
[SourceQuality "1"]

1. e4 c5 2. d3 Nc6 3. g3 g6 4. Bg2 Bg7 5. Nh3 d6 6. Nc3 h5 7. Nf4 Nd4 8. h3 Nf6 9. Be3 Qa5 10. Qd2 Nd7 11. Rc1 e6 12. Rb1 Ne5 13. Bxd4 cxd4 14. Nce2 Qxd2+ 15. Kxd2 g5 16. Nxd4 gxf4 17. gxf4 Nc4+ 18. dxc4 Bxd4 19. Ke2 Bd7 20. Rhd1 Bb6 21. Rxd6 Bc7 22. Rd3 Bxf4 23. b4 Rc8 24. Bf1 Ba4 25. Rf3 e5 26. Kd1 Bc6 27. Ra3 Bxe4 28. f3 Rd8+ 29. Ke1 Bxc2 30. Ra1 Bd2+ 31. Kf2 Bxb4 0-1